00673nam a2200205Ia 4500952014800000999001500148003000400163005001700167008004100184020001800225040000900243082001500252100002400267245004800291250001200339260005700351300000900408650001400417942003600431 00102ddc40708CHEMISTRYaMESbMEScCHEd2019-02-20g295.00l8m10o547 BAN/Op38447r2025-12-23 16:36:58s2025-12-01w2019-02-20yBKzGL28R2 c3663d3663OSt20200818100957.0190216s9999||||xx |||||||||||||| ||und|| a9788122430622 coclc a547bBAN/O aBansal, Raj K94092 0aOrganic Reaction Mechanisms /cRaj K Bansal a4th Ed. bNew Age International Publishers,c2012.aNew Delhi: a548p aChemistry cBK2ddch547iBAN/Ok547mBAN/O